Little Miss Midge / (Record no. 3838)

MARC details
000 -LEADER
fixed length control field 01070cam a22002657a 4500
005 - DATE AND TIME OF LATEST TRANSACTION
control field 20260331153646.0
020 ## - INTERNATIONAL STANDARD BOOK NUMBER
International Standard Book Number 9781618103116
040 ## - CATALOGING SOURCE
Original cataloging agency DLC
Transcribing agency DLC
Modifying agency DLC
Language of cataloging eng
050 00 - LIBRARY OF CONGRESS CALL NUMBER
Classification number H8121
082 ## - DEWEY DECIMAL CLASSIFICATION NUMBER
Classification number 823
100 1# - MAIN ENTRY--PERSONAL NAME
Personal name Hord, Colleen
245 10 - TITLE STATEMENT
Title Little Miss Midge /
Statement of responsibility, etc. by Colleen Hord ; illustrated by Helen Poole
260 ## - PUBLICATION, DISTRIBUTION, ETC.
Place of publication, distribution, etc. Vero Beach, Florida :
Name of publisher, distributor, etc. Rourke Educational Media ;
Date of publication, distribution, etc. 2013
300 ## - PHYSICAL DESCRIPTION
Extent 24 pages :
Other physical details color illustrations ;
Dimensions 21 cm .
490 0# - SERIES STATEMENT
Series statement Little Birdie Books
505 ## - FORMATTED CONTENTS NOTE
Formatted contents note J <br/>
520 ## - SUMMARY, ETC.
Summary, etc. Midge is having a hard time organizing her list of things to do. Her friends are coming over for ice cream but her dog keeps needing more bones. When the day is through and nothing on her list is done, the friends arrive but Midge has no ice cream so she decides to take them and her dog out for ice cream.
521 ## - TARGET AUDIENCE NOTE
Target audience note 480 <br/>
Source Lexile <br/>
521 ## - TARGET AUDIENCE NOTE
Target audience note J <br/>
Source Raz-Plus <br/>
650 ## - SUBJECT ADDED ENTRY--TOPICAL TERM
Topical term or geographic name entry element Poor dog
Form subdivision Fiction
700 1# - ADDED ENTRY--PERSONAL NAME
Personal name Poole, Helen
Dates associated with a name 1979-
Relator term illustrator
906 ## - LOCAL DATA ELEMENT F, LDF (RLIN)
a 7
b cbc
c orignew
d 4
e epcn
f 20
g y-gencatlg
942 ## - ADDED ENTRY ELEMENTS (KOHA)
Source of classification or shelving scheme Dewey Decimal Classification
Koha item type Books
Suppress in OPAC No
999 ## -
-- 3838
-- 3838
Holdings
Withdrawn status Lost status Source of classification or shelving scheme Damaged status Not for loan Collection Home library Current library Shelving location Date acquired Total Checkouts Full call number Barcode Date last seen Copy number Price effective from Koha item type
    Dewey Decimal Classification     Juvenile Fiction Footprints International School Library Network Toul Tom Poung Campus Footprints International School Library Network Toul Tom Poung Campus TTP Primary Dark Blue Bookshelves 05/16/2024   HOR 823 H8121 FISTK00950 05/16/2024 1 05/16/2024 Books
    Dewey Decimal Classification     Juvenile Fiction Footprints International School Library Network Toul Tom Poung Campus Footprints International School Library Network Toul Tom Poung Campus TTP Primary Dark Blue Bookshelves 03/31/2026   HOR 823 H8121 FIS03445 03/31/2026 2 03/31/2026 Books